<?xml version="1.0" encoding="UTF-8"?><?xml-stylesheet type="text/xsl" href="static/style.xsl"?><OAI-PMH xmlns="http://www.openarchives.org/OAI/2.0/" xmlns:xsi="http://www.w3.org/2001/XMLSchema-instance" xsi:schemaLocation="http://www.openarchives.org/OAI/2.0/ http://www.openarchives.org/OAI/2.0/OAI-PMH.xsd"><responseDate>2026-04-17T23:00:31Z</responseDate><request verb="GetRecord" identifier="oai:www.recercat.cat:10256/19597" metadataPrefix="marc">https://recercat.cat/oai/request</request><GetRecord><record><header><identifier>oai:recercat.cat:10256/19597</identifier><datestamp>2024-06-18T12:06:18Z</datestamp><setSpec>com_2072_452955</setSpec><setSpec>com_2072_2054</setSpec><setSpec>col_2072_453062</setSpec></header><metadata><record xmlns="http://www.loc.gov/MARC21/slim" xmlns:dcterms="http://purl.org/dc/terms/" xmlns:xsi="http://www.w3.org/2001/XMLSchema-instance" xmlns:doc="http://www.lyncode.com/xoai" xsi:schemaLocation="http://www.loc.gov/MARC21/slim http://www.loc.gov/standards/marcxml/schema/MARC21slim.xsd">
   <leader>00925njm 22002777a 4500</leader>
   <datafield ind2=" " ind1=" " tag="042">
      <subfield code="a">dc</subfield>
   </datafield>
   <datafield ind2=" " ind1=" " tag="720">
      <subfield code="a">Sridhara, Pruthvi K.</subfield>
      <subfield code="e">author</subfield>
   </datafield>
   <datafield ind2=" " ind1=" " tag="720">
      <subfield code="a">Vilaseca Morera, Fabiola</subfield>
      <subfield code="e">author</subfield>
   </datafield>
   <datafield ind2=" " ind1=" " tag="260">
      <subfield code="c">2021-05-06</subfield>
   </datafield>
   <datafield ind2=" " ind1=" " tag="520">
      <subfield code="a">On an industrial scale, it is a challenge to achieve cellulose based nanocomposites due to dispersion issues and high process temperatures sensitivity. The current study describes methods to develop mechanically strong and thermally stable polyamide 6 (PA 6) and cellulose nanofibers (CNF) composites capable of tolerating high processing temperatures. With PA 6 being a very technical polymer matrix to be reinforced with CNF, good dispersion can be achieved with a high speed kinetic mixer and also shield the CNF from excess thermal degradation by implementing extremely short processing time. This paper presents an industrially feasible method to produce PA 6/CNF nanocomposites with high CNF composition processed by a high speed kinetic mixer (GELIMAT®) followed by compression molding to obtain a homogenous and thermally stable nanocomposites aimed at high performance applications. PA 6 was reinforced with three different wt % formulations (5, 15 and 25 wt %) of cellulose nanofibers. The resulting nanocomposites exhibited significant increase in Young’s modulus and ultimate strength with CNF content, owing to the effective melt processing and the surface charge density of the CNF, which necessitated the dispersion. The thermal stability and polymer crystallinity with respect to CNF composition for the PA 6/CNF nanocomposites were examined by TGA and DSC analysis. Rheology studies indicated that viscosity of the composites increased with increase in CNF composition. Overall, this work demonstrates industrially viable manufacturing processes to fabricate high performance PA 6/CNF nanocomposites</subfield>
   </datafield>
   <datafield ind2=" " ind1=" " tag="520">
      <subfield code="a">This research was funded by the Wallenberg Wood Science Institute—KTH (KAW 2018.0451,&#xd;
Sweden) in Sweden, the by UdG grant (IFUdG 2017) in Spain, and by the Spanish Ministry of Science,&#xd;
Innovation and Universities (RTI 2018-102070-B-C22)</subfield>
   </datafield>
   <datafield ind1="8" ind2=" " tag="024">
      <subfield code="a">http://hdl.handle.net/10256/19597</subfield>
   </datafield>
   <datafield tag="653" ind2=" " ind1=" ">
      <subfield code="a">Fibres de cel·lulosa</subfield>
   </datafield>
   <datafield tag="653" ind2=" " ind1=" ">
      <subfield code="a">Cellulose fibers</subfield>
   </datafield>
   <datafield tag="653" ind2=" " ind1=" ">
      <subfield code="a">Pasta de paper</subfield>
   </datafield>
   <datafield tag="653" ind2=" " ind1=" ">
      <subfield code="a">Wood-pulp</subfield>
   </datafield>
   <datafield tag="653" ind2=" " ind1=" ">
      <subfield code="a">Poliamides</subfield>
   </datafield>
   <datafield tag="653" ind2=" " ind1=" ">
      <subfield code="a">Polyamides</subfield>
   </datafield>
   <datafield tag="653" ind2=" " ind1=" ">
      <subfield code="a">Nanocompòsits (Materials) -- Propietats mecàniques</subfield>
   </datafield>
   <datafield tag="653" ind2=" " ind1=" ">
      <subfield code="a">Nanocomposites (Materials) -- Mechanical properties</subfield>
   </datafield>
   <datafield tag="653" ind2=" " ind1=" ">
      <subfield code="a">Nanocompòsits (Materials) -- Propietats tèrmiques</subfield>
   </datafield>
   <datafield tag="653" ind2=" " ind1=" ">
      <subfield code="a">Nanocomposites (Materials) -- Thermal properties</subfield>
   </datafield>
   <datafield ind2="0" ind1="0" tag="245">
      <subfield code="a">High Performance PA 6/Cellulose Nanocomposites in the Interest of Industrial Scale Melt Processing</subfield>
   </datafield>
</record></metadata></record></GetRecord></OAI-PMH>